01300nam a2200265Ia 450000100060000000300090000600800410001504000130005604000130006904100130008210000210009510000290011624000320014524000350017724500290021224500290024125000110027026000110028126000120029226000490030430000570035350005580041065000350096865000310100396203IT-RoPAU130308s9999 xx 000 0 und d aIT-RoPAU cIT-RoPAU aITALIANO aMcLuhan Marshall gCodice Aut. SPICS: 3935 aLETTERS OF MARSHALL MCLUHAN gCodice Tit. Orig. Spics: T2279 aCorrispondenza 1931-1979 bCorrispondenza 1931-1979 a1a ed. aMILANO bSugarco c1990 [1° Ed.:1990 - Ed.Ling.Originale:1987] a"360 p. (prefazione: no ; testo: 360 [pagine: 0-0])" aSelezione a cura di Corinne McLuhan Matie Molinaro e Francesca Valente Prefazione di Gianpiero Gamaleri Destino Italiano di McLuhan Scrittura e Oralità Introduzione di Matie Molinaro raccolta delle Sue lettere in Occasione del Decimo Anniversario della Sua Morte 1980 importante Contributo Alla Storia Culturale del Xx Secolo raccolta Divisa in tre Periodi Storici: 1931 1936 con la Sua Crescita Intellettuale 1936 1946 con le Sue Esperienze Universitarie 1946 1979 Periodo della Maturità che ci Permettono di Conoscere la Sua complessa Personalita' aSAGGI DI COMUNICAZIONE SOCIALE eCodice materia Spics: 3807